| 000 | 00570nam a2200157Ia 4500 | ||
|---|---|---|---|
| 008 | 151213s9999 xx 000 0 und d | ||
| 100 | _aসৈয়দ আলী আহসান। | ||
| 245 |
_aকবিতার রুপকল্প। _cসৈয়দ আলী আহসান। |
||
| 250 | _a১ম সং | ||
| 260 |
_aঢাকা _bবাংলা একাডেমী। _c1985 |
||
| 300 | _a4462 p. | ||
| 650 | _aBangla | ||
| 650 | _aসমালোচনা গ্রন্থ | ||
| 700 | _aসৈয়দ আলী আহসান। | ||
| 999 |
_c2837 _d2837 |
||